A data envelopment analysis approach to bargaining

Bibliographic Details
Main Author: Sudzina, František, 1977- (Author)
Format: Article
Language:Slovak
PhysicalDescription:Grafy
ISBN:8080555990
Subjects:

MARC

LEADER 00000naa a2200000 ar4500
001 vtls009963091
003 SK-MaSNL
005 20260309150340.0
008 091023c2002 xo mr|p|||||||000 b|slo
015 |a SNBRA2009/10  |2 snkbucl 
038 |a SNKBUCL 
040 |a SNKBUCL  |b slo  |c SNKBUCL  |e AACR2 
041 0 |a slo  |b eng 
044 |a xo  |c SK 
080 |a 005.311.6:519.86  |2 2001 
080 |a 519.816  |2 2001 
080 |a 519.86  |2 2001 
080 |a 519.23  |2 2001 
100 1 |a Sudzina, František,  |d 1977-  |4 aut  |9 22428 
245 1 0 |a A data envelopment analysis approach to bargaining  |c František Sudzina 
300 |b Grafy 
504 |a Bibliogr. odkazy 
546 |a Res. angl. 
650 0 7 |a rozhodovanie  |2 snkbucl  |9 1671 
650 0 7 |a efektívnosť  |2 snkbucl  |9 279683 
650 0 7 |a analýza obalu dát  |2 snkbucl  |9 74154 
773 0 |t Acta oeconomica N° 14  |d Banská Bystrica : Univerzita Mateja Bela, Ekonomická fakulta, 2002  |g S. 62-67  |z 8080555990 
852 |a SNK  |b KIS3GCP 
958 |a NB 
999 |c 3367340  |d 3369270